• 首页
  • 本馆介绍
  • 公告通知
  • 最新文献
  • 馆藏检索
  • 电子资源
  • 读者导购
  • 参考咨询
  • 我的图书馆
  • 登录
  • 详细信息显示
  • 放入我的书架
  • 预约/预借图书
  • 作者相关作品
  • 分类相关作品
  • 丛书相关作品
  • 出版社相关作品

书目信息

  • 表格格式
  • 工作单格式
  • 卡片格式
题名:
生命的奇迹
    
 
作者: 考克斯 , 科恩 著 ;闻菲 译
分册:  
出版信息: 北京   人民邮电出版社  2014
页数: 272页
开本: 26cm
丛书名: BBC“奇迹”系列
单 册:
中图分类: Q1-0 , Q10-49
科图分类:
主题词: 生命科学--Shengmingkexue--普及读物 , 生命起源
电子资源:
ISBN: 978-7-115-36159-2
000 01138nam0 2200301 450
001 2963
005 20161207091241.42
010    @a978-7-115-36159-2@dCNY88.00
100    @a20141219d2014 em y0chiy0110 ea
101 1  @achi@ceng
102    @aCN@b110000
105    @aa z 000yy
200 1  @a生命的奇迹@9Shengmingdeqiji@f(英)布赖恩·考克斯, (英)安德鲁·科恩著@g闻菲译
210    @a北京@c人民邮电出版社@d2014
215    @a272页@c彩图, 彩照@d26cm
225 2  @aBBC“奇迹”系列@9BBC“qiji”xilie
330    @a本书从支配法则来讲述生命惊人的多样性与适应能力的故事。在作者布赖恩·考克斯的发现之旅当中,他将大自然动人心魄的创造力从何而来娓娓道来,将生命从最初的起源到我们人类的生命这一路上的里程碑一一揭开。
461  0 @12001 @aBBC“奇迹”系列
510 1  @aWonders of life@zeng
606 0  @a生命科学@9Shengmingkexue@j普及读物
606 0  @a生命起源
690    @aQ1-0@v5
690    @aQ10-49@v4
701  1 @a考克斯@9Kaokesi@b布赖恩@c(英)@gCox, Brian@4著
701  1 @a科恩@9Keen@b安德鲁@c(英)@gCohen, Andrew@4著
702  0 @a闻菲@9Wenfei@4译
801  0 @aCN@b大连网信软件有限公司图书馆·11@c20161207
905    @aZUCC@dQ1-0@e182
    
    生命的奇迹/(英)布赖恩·考克斯, (英)安德鲁·科恩著/闻菲译.-北京:人民邮电出版社,2014
    272页:彩图, 彩照;26cm.-(BBC“奇迹”系列)
    
    
    ISBN 978-7-115-36159-2:CNY88.00
    本书从支配法则来讲述生命惊人的多样性与适应能力的故事。在作者布赖恩·考克斯的发现之旅当中,他将大自然动人心魄的创造力从何而来娓娓道来,将生命从最初的起源到我们人类的生命这一路上的里程碑一一揭开。
●
相关链接 在E读中查询图书 在五车中查询图书 在当当中查询图书 在豆瓣中查询图书


正题名:生命的奇迹     索取号:Q1-0/182         预约/预借

序号 登录号 条形码 馆藏地/架位号 状态 备注
1 912303   209123036   第二样本阅览室/ [索取号:Q1-0/182] 在馆    
2 912304   209123045   第三借阅区/ [索取号:Q1-0/182] 在馆    
3 912305   209123054   第三借阅区/ [索取号:Q1-0/182] 在馆    
4 912306   209123063   密集书库-生命科学系/ [索取号:Q1-0/182] 在馆    
唐山师范学院图书馆 欢迎您!
大连网信软件有限公司© 版权所有